Từ Các Mác đến Hồ Chí Minh một dòng chảy văn hóa
Enregistré dans:
| Auteur principal: | |
|---|---|
| Autres auteurs: | |
| Langue: | Undetermined |
| Publié: |
Hà Nội
Nxb. Hà Nội
2003
|
| Sujets: | |
| Tags: |
Ajouter un tag
Pas de tags, Soyez le premier à ajouter un tag!
|
| Thư viện lưu trữ: | Trung tâm Học liệu Trường Đại học Trà Vinh |
|---|
| LEADER | 00795nam a2200229Ia 4500 | ||
|---|---|---|---|
| 001 | TVU_7151 | ||
| 008 | 210423s9999 xx 000 0 und d | ||
| 041 | |a Vie | ||
| 082 | |a 324.2075 | ||
| 082 | |b C107 | ||
| 100 | |a Trần, Đình Huỳnh | ||
| 245 | 0 | |a Từ Các Mác đến Hồ Chí Minh một dòng chảy văn hóa | |
| 245 | 0 | |c Trần Đình Huỳnh (chủ biên) ; Trịnh Quang Cảnh | |
| 260 | |a Hà Nội | ||
| 260 | |b Nxb. Hà Nội | ||
| 260 | |c 2003 | ||
| 300 | |a 221 tr. | ||
| 300 | |c 19 cm | ||
| 504 | |a Thư mục: tr.220 | ||
| 650 | |a Chủ nghĩa chính trị; Chủ nghĩa cộng sản và văn hóa; Tư tưởng Hồ Chí Minh; Truyền thống văn hóa | ||
| 700 | |a Trần Đình Huỳnh ; Trịnh Quang Cảnh | ||
| 980 | |a Trung tâm Học liệu Trường Đại học Trà Vinh | ||